| 000 | 01086pam a2200313 a 4500 | ||
|---|---|---|---|
| 001 | 1405370 | ||
| 003 | OSt | ||
| 005 | 20230623121914.0 | ||
| 008 | 830316s1984 njua b 001 0beng | ||
| 010 | _a 83004454 | ||
| 020 |
_a0813510120 : _c$18.50 |
||
| 040 |
_aDLC _cDLC _dDLC |
||
| 043 |
_an-us--- _an-us-tx |
||
| 050 | 0 | 0 |
_a _b |
| 082 | 0 | 0 |
_a328.73/092/4 _219 _b328.73 |
| 100 | 1 |
_aChampagne, Anthony, _d1949- |
|
| 245 | 1 | 0 |
_aCongressman Sam Rayburn / _cAnthony Champagne. |
| 260 |
_aNew Brunswick, N.J. : _bRutgers University Press, _cc1984. |
||
| 300 |
_axiv, 228 p. : _bill. ; _c23 cm. |
||
| 504 | _aIncludes bibliographical references and index. | ||
| 600 | 1 | 0 |
_aRayburn, Sam, _d1882-1961. |
| 610 | 1 | 0 |
_aUnited States. _bCongress. _bHouse _xBiography. |
| 650 | 0 |
_aLegislators _zUnited States _xBiography. |
|
| 651 | 0 |
_aTexas _xPolitics and government _y1865-1950. |
|
| 651 | 0 |
_aTexas _xPolitics and government _y1951- |
|
| 856 | 4 | 1 |
_3Table of contents _uhttp://www.loc.gov/catdir/toc/fy053/83004454.html |
| 906 |
_a7 _bcbc _corignew _d1 _eocip _f19 _gy-gencatlg |
||
| 942 |
_2ddc _cBK |
||
| 999 |
_c2477 _d2477 |
||